Sistemas de control continuos y discretos modelado, identificación, diseño, implementación

Bibliographic Details
Main Author: Metcalff, ddy
Format: Section = Libro
Language:Undetermined
Spanish
Published: México McGraw-Hill 2005
Subjects:
LEADER 00683nam a2200229Ia 4500
008 240830s9999 xx 000 0 und d
020 |a 970-10-4674-9 
040 |a CEDOC FIQ-RUSB / 629.8 D718 
041 |a spa 
082 |a 629.8 D718 
100 1 |a Metcalff, ddy 
245 1 0 |a Sistemas de control continuos y discretos modelado, identificación, diseño, implementación 
260 |a México  |b McGraw-Hill  |c 2005 
300 |a 630 p. :il. 
650 7 |a SISTEMAS - CONTROL CONTINUOS 
650 7 |b  TRANSFORMADA DE LAPLACE 
650 7 |c  FUNCIONES DE TRANSFERENCIA 
650 7 |d  CONTROL DIGITAL 
650 7 |e  SISTEMAS DISCRETOS 
942 |c BK  |2 ddc 
991 |a TEXTO 
999 |c 13059